Southville International School and Colleges
Your cart is empty.
  • Cart
  • Lists
    Public lists Eva Luna New books Lux_list list_1
    Your lists Log in to create your own lists
  • Log in to your account
  • Your cookies
  • Search history
Southville International School and Colleges
  • Advanced search
  • Recent comments
  • Most popular
  • Libraries

Log in to your account

Log in with GOOGLE


If you do not have an external account, but do have a local account, you can still log in:

  1. Home
  2. MARC view: Ice cream soup /
Normal view MARC view ISBD view

Ice cream soup / (Record no. 102742)

[ view plain ]
MARC details
000 -LEADER
fixed length control field 00667nam a2200181 a 4500
005 - DATE AND TIME OF LATEST TRANSACTION
control field 20140412111241.0
008 - FIXED-LENGTH DATA ELEMENTS--GENERAL INFORMATION
fixed length control field 010425s19uu xx 00 eng d
020 ## - INTERNATIONAL STANDARD BOOK NUMBER
International Standard Book Number 0-679-80790-X
050 ## - LIBRARY OF CONGRESS CALL NUMBER
Classification number TR(PS E
Item number Ic2 1990
100 ## - MAIN ENTRY--PERSONAL NAME
Personal name Herman, Gail
245 ## - TITLE STATEMENT
Title Ice cream soup /
Statement of responsibility, etc adapted by Gail Herman ; illustrated by R. W. Alley.
260 ## - PUBLICATION, DISTRIBUTION, ETC. (IMPRINT)
Place of publication, distribution, etc New York :
Name of publisher, distributor, etc Random House,
Date of publication, distribution, etc 1990.
300 ## - PHYSICAL DESCRIPTION
Extent 1v. (unp.) ; ill.
440 ## - SERIES STATEMENT/ADDED ENTRY--TITLE
Title Random House pictureback reader
520 ## - SUMMARY, ETC.
Summary, etc Sam and Pam take their time bringing home ice cream for the family and find a surprise in the package at the end of their journey.
650 ## - SUBJECT ADDED ENTRY--TOPICAL TERM
Topical term or geographic name as entry element Ice cream, ices, etc. - Fiction
Holdings
Withdrawn status Lost status Damaged status Home library Current library Shelving location Date acquired Source of acquisition Cost, normal purchase price Total Checkouts Full call number Barcode Date last seen Price effective from Koha item type
      Elizalde Library Elizalde Library Teachers Reference Section 04/25/2001   59.95   TR(PS E Ic2 1990 E2623 04/12/2014 04/12/2014 Books

Ice cream soup /

APA

Herman G., . (1990). Ice cream soup. New York: Random House.

Chicago

Herman Gail, . 1990. Ice cream soup. New York: Random House.

Harvard

Herman G., . (1990). Ice cream soup. New York: Random House.

MLA

Herman Gail, . Ice cream soup. New York: Random House. 1990.

  • Place hold
  • Print
  • Cite
  • Add to your cart (remove)
  • Save record
    BIBTEX Dublin Core MARCXML MARC (non-Unicode/MARC-8) MARC (Unicode/UTF-8) MARC (Unicode/UTF-8, Standard) MODS (XML) RIS
  • More searches
    Search for this title in:
    Other Libraries (WorldCat) Other Databases (Google Scholar) Online Stores (Bookfinder.com) Open Library (openlibrary.org)

Exporting to Dublin Core...

SOUTHVILLE LIBRARY

Southville International School and Colleges Library

1281 Tropical Ave. Cor. Luxembourg St., BF Homes International, Las Pinas City

Tel. No. 8256374 / 252358 Loc. 117/146

Powered by Koha